Nauka o zboží pro EZO Teoretické základy

Salvato in:
Dettagli Bibliografici
Autore principale: Kavina, Karel
Ente Autore: Vysoká škola ekonomická v Praze. Obchodní fakulta
Altri autori: Vanda, Pavel, Hůlová, Marie
Natura: Libro
Lingua:ceco
Pubblicazione: Praha Státní pedagogické nakladatelství 1986
Edizione:1. vyd.
Tags: Aggiungi Tag
Nessun Tag, puoi essere il primo ad aggiungerne!!

MARC

LEADER 00000nam a2200000 4500
001 c027900
005 20221220072132.7
041 0 |a cze 
044 |a CZ 
245 1 0 |a Nauka o zboží pro EZO  |b Teoretické základy  |c Karel Kavina, Pavel Vanda, Marie Hůlová 
250 |a 1. vyd. 
264 1 |a Praha  |b Státní pedagogické nakladatelství  |c 1986 
300 |a 170 s. 
100 1 |a Kavina, Karel 
700 1 |a Vanda, Pavel 
700 1 |a Hůlová, Marie 
710 2 |a Vysoká škola ekonomická v Praze. Obchodní fakulta